书目信息 |
| 题名: |
工业品商品学
|
|
| 作者: | 白世贞 , 徐玲玲 主编 | |
| 分册: | ||
| 出版信息: | 北京 中国财富出版社 2014 |
|
| 页数: | 376页 | |
| 开本: | 24cm | |
| 丛书名: | ||
| 单 册: | ||
| 中图分类: | F764 | |
| 科图分类: | ||
| 主题词: | 工业产品--商品学--高等教育--教材 | |
| 电子资源: | ||
| ISBN: | 978-7-5047-4906-2 | |
| 000 | 00926nam0 2200265 450 | |
| 001 | 338213 | |
| 005 | 20150601164514.78 | |
| 010 | @a978-7-5047-4906-2@dCNY43.00 | |
| 100 | @a20140904d2014 em y0chiy50 ea | |
| 101 | 0 | @achi |
| 102 | @aCN@b110000 | |
| 105 | @aa z 000yy | |
| 106 | @ar | |
| 200 | 1 | @a工业品商品学@Agong ye pin shang pin xue@f白世贞, 徐玲玲主编 |
| 205 | @a第2版 | |
| 210 | @a北京@c中国财富出版社@d2014 | |
| 215 | @a376页@c图, 照片@d24cm | |
| 300 | @a“十二五”高等教育精品课程系列教材 | |
| 330 | @a本书介绍了工业品商品的组成、生产工艺、主要品种、质量鉴别等, 内容涉及塑料及其制品、皮革及其制品、橡胶及其制品、洗涤用品、化妆品、汽车商品、纸制品、涂料、珠宝首饰等。 | |
| 606 | 0 | @a工业产品@x商品学@x高等教育@j教材 |
| 690 | @aF764@v5 | |
| 701 | 0 | @a白世贞@Abai shi zhen@f(1962.10)@4主编 |
| 701 | 0 | @a徐玲玲@Axu ling ling@c(物流)@4主编 |
| 801 | 0 | @aCN@b卓展宏图@c20150525 |
| 905 | @dF764@e38=2@f4 | |
| 工业品商品学/白世贞, 徐玲玲主编.-第2版.-北京:中国财富出版社,2014 |
| 376页:图, 照片;24cm |
| “十二五”高等教育精品课程系列教材 |
| ISBN 978-7-5047-4906-2:CNY43.00 |
| 本书介绍了工业品商品的组成、生产工艺、主要品种、质量鉴别等, 内容涉及塑料及其制品、皮革及其制品、橡胶及其制品、洗涤用品、化妆品、汽车商品、纸制品、涂料、珠宝首饰等。 |
| ● |
| 相关链接 |
|
|
|
|
正题名:工业品商品学
索取号:F764/38=2
 
预约/预借
| 序号 | 登录号 | 条形码 | 馆藏地/架位号 | 状态 | 备注 |
| 1 | 861283 | 208612839 | 第一样本阅览室/ [索取号:F764/38=2] | 在馆 | |
| 2 | 861284 | 208612848 | 第一借阅区/ [索取号:F764/38=2] | 在馆 | |
| 3 | 861285 | 208612857 | 第一借阅区/ [索取号:F764/38=2] | 在馆 | |
| 4 | 861286 | 208612866 | 密集书库-海洋学院/ [索取号:F764/38=2] | 在馆 |